Vista normal
Vista MARC
Entrada Personal Name
Número de registros utilizados en: 11
001 - CONTROL NUMBER
- control field: 2251
003 - CONTROL NUMBER IDENTIFIER
- control field: DLC
005 - DATE AND TIME OF LATEST TRANSACTION
- control field: 20250219153009.0
008 - FIXED-LENGTH DATA ELEMENTS
- fixed length control field: 800623n| azannaabn |a aaa
010 ## - LIBRARY OF CONGRESS CONTROL NUMBER
- LC control number: n 79123683
024 7# - OTHER STANDARD IDENTIFIER
- Standard number or code: 000000011070128X
- Source of number or code: isni
035 ## - SYSTEM CONTROL NUMBER
- System control number: (OCoLC)oca00355265
040 ## - CATALOGING SOURCE
- Original cataloging agency: DLC
- Language of cataloging: spa
- Description conventions: rda
- Transcribing agency: Mx-PuUPA
- Modifying agency: NL-TiUL
- Modifying agency: Mx-PuUPA
046 ## - SPECIAL CODED DATES
- Birth date: 19470523
- Source of date scheme: edtf
100 1# - HEADING--PERSONAL NAME
- Personal name: Porter, Michael E.,
- Dates associated with a name: 1947-
370 ## - ASSOCIATED PLACE
- Place of birth: Ann Arbor (Michigan)
- Source of term: naf
373 ## - ASSOCIATED GROUP
- Associated group: Escuela de Negocios de Harvard
- Source of term: naf
374 ## - OCCUPATION
- Occupation: Profesor universitario
- Occupation: Autor
- Source of term: lcsh
375 ## - GENDER
- Gender: hombre
377 ## - ASSOCIATED LANGUAGE
- Language code: eng
400 1# - SEE FROM TRACING--PERSONAL NAME
- Personal name: Porter, Michael Eugene,
- Dates associated with a name: 1947-
400 1# - SEE FROM TRACING--PERSONAL NAME
- Personal name: Porter, Michael,
- Dates associated with a name: 1947-
670 ## - SOURCE DATA FOUND
- Source citation: Interbrand choice, strategy, and bilateral market power, 1976:
- Information found: t.p. (Michael E. Porter)
670 ## - SOURCE DATA FOUND
- Source citation: Redefining health care, c2006:
- Information found: t.p. (Michael E. Porter)
670 ## - SOURCE DATA FOUND
- Source citation: Biog. resource center (Contemp. authors), July 1, 2009
- Information found: (Michael E. Porter; also know and Michael Eugene Porter; b. May 23, 1947, Ann Arbor, Mich.; Harvard University, Ph. D., 1973; Harvard University, C. Roland Christensen professor of business administration, 1990- )
670 ## - SOURCE DATA FOUND
- Source citation: Wikipedia, viewed June 19, 2023
- Information found: (Michael Porter; Michael Eugene Porter; born May 23, 1947 in Ann Arbor, Michigan; academic known for theories on economics, business strategy, and social causes; Bishop William Lawrence University Professor at Harvard Business School; one of the founders of the consulting firm The Monitor Group (now part of Deloitte) and FSG, a social impact consultancy)
- Uniform Resource Identifier: https://en.wikipedia.org/wiki/Michael_Porter